Optical rheometry of complex fluids /
Guardado en:
| Autor Principal: | |
|---|---|
| Formato: | Libro |
| Idioma: | English |
| Publicado: |
New York :
Oxford University Press,
1995.
|
| Series: | Topics in chemical engineering (Oxford University Press)
|
| Materias: | |
| Acceso en línea: | Descripción Tabla de contenido |
| Etiquetas: |
Agregar Etiqueta
Sin Etiquetas, Sea el primero en etiquetar este registro!
|
| LEADER | 01177cam a22003015a 4500 | ||
|---|---|---|---|
| 001 | EIQ.libpla003626 | ||
| 008 | 941207s1995####nyua#####b####001#0#eng#d | ||
| 005 | 20080220183306.0 | ||
| 245 | 1 | 0 | |a Optical rheometry of complex fluids / |c Gerald G. Fuller. |
| 260 | |a New York : |b Oxford University Press, |c 1995. | ||
| 300 | |a xiv, 268 p. : |b il. ; |c 25 cm. | ||
| 490 | 1 | |a Topics in chemical engineering | |
| 504 | |a Incluye referencias bibliográficas (p. [245]-256) e índices. | ||
| 020 | |a 0195097181 (acid-free) | ||
| 100 | 1 | |a Fuller, Gerald G. | |
| 830 | 0 | |a Topics in chemical engineering (Oxford University Press) | |
| 082 | 0 | 0 | |a 620.1/064/0287 |2 20 |
| 650 | 4 | |a Polímeros |x Fluidodinámica. | |
| 650 | 4 | |a Polímeros |x Reología. | |
| 650 | 4 | |a Polímeros |x Reometría. | |
| 650 | 4 | |a Polymers |x Fluid dynamics. | |
| 650 | 4 | |a Polymers |x Rheology. | |
| 650 | 4 | |a Polymers |x Rheometry. | |
| 010 | |a 94044678 | ||
| 040 | |a DLC |c DLC |d AR-BbSID | ||
| 856 | 4 | 2 | |3 Descripción |u http://www.loc.gov/catdir/enhancements/fy0605/94044678-d.html |
| 856 | 4 | 1 | |3 Tabla de contenido |u http://www.loc.gov/catdir/enhancements/fy0605/94044678-t.html |
| 859 | |a AR-BbSID |b BIB. PLAPIQUI |h 620.106 4 |i F 1 |p 4720 | ||
